000 01576nam a2200265Ia 4500
001 16320
003 GE_BSU
008 181216s||||||||xx |||||||||||||| ||und||
020 _a9994046896
040 _cGE_BSU
080 _a343(479.22)(075.8)
100 _aავტ.: მზია ლეკვეიშვილი, გოჩა მამულაშვილი, ნინო გვენეტაძე [და სხვ].
245 _aსისხლის სამართლის კერძო ნაწილი.წ.2
245 _bსახელმძღვ.
245 _cრედ:გ.მამულაშვილი
260 _aთბილისი
260 _bმერიდიანი
260 _c2007
300 _a416გვ;20სმ.
520 _aსახელმძღვანელო იბეჭდება თბილისის სახელმწიფო უნივერსიტეტის იურიდიული ფაკ-ტის სისხლის სამართლისა და კრიმინოლოგიის საპროფესოროს გადაწყვეტილებით.(ცვლილებებით2007წლის აპრილის მდგომარეობით)
541 _h20ლ.
653 _aსამართალი
653 _aსისხლის სამართალი - სახელმძღვანელოები უმაღლესი სასწავლებლისათვის;
942 _cBK
999 _c49400
_d49400